000
00213nam a2200109Ia 4500
100
_a
#N/A
942
_c
BK
245
_a
Fedora 14; Opera 10.1 BETA for Andriod
260
_b
#N/A
546
_a
ENGLISH
999
_c
32005
_d
32005